000 00706nam a22002177a 4500
003 UA-OsUOA
001 104775
007 ta
008 20140129b un ||||| |||| 00| 0 ukr d
100 _aВолохова І.С.
090 _a30(477)
_bВ68
942 _cSA
040 _aUA-OsUOA
_bukr
_cUA-OsUOA
_dUA-OsUOA
245 _aПроблеми розподілу видаткових повноважень між рівнями влади в Україні
300 _aС.55-64
955 _a0
041 _aukr
080 _a30(477)
773 0 _w104774
650 7 _a30 Основні теорії, методологія та методи суспільних наук. Соціографія
_2UDC
999 _c391024
_d391024